| 000 | 00586nam a2200181Ia 4500 | ||
|---|---|---|---|
| 008 | 140626s9999 xx 000 0 und d | ||
| 100 | _aHaumschild, Mary. | ||
| 245 | 4 |
_aThe importance of oral cancer screening for nurse practitioners / _cMary Haumschild ... [et al.]. |
|
| 260 | _cc2012. | ||
| 300 | _a8 : 2, page 117 | ||
| 440 | _aThe Journal for Nurse Practitioners (JNP) | ||
| 521 | _aNUR | ||
| 650 | _aNurse practitioners. | ||
| 650 | _aNursing home residents. | ||
| 650 | _aOral assessment. | ||
| 650 | _aOral cancer screening examinations in the elderly. | ||
| 942 | _cSE | ||
| 999 |
_c121418 _d121418 |
||